| 000 | 00630nam a2200193 a 4500 | ||
|---|---|---|---|
| 008 | 120416s1993 ||||||||||||||||| || u | ||
| 020 | _a0023278412 | ||
| 050 | _aHD 30.28 Dav | ||
| 100 | _aDavid, Fred R | ||
| 245 | 1 | 0 | _aStrategic management |
| 250 | _a4th ed. | ||
| 260 |
_aNew York _bMacmillan _c1993 |
||
| 300 | _axxv, 931p. ill. | ||
| 350 | _a0.00 | ||
| 650 | 0 | _aMANAGEMENT | |
| 650 | 0 | _aSTRATEGIC PLANNING | |
| 650 | _aSTRATEGIC PLANNING--CASE STUDIES | ||
| 995 |
_D0.00 _FCBU-MAIN LIBRARY (Kitwe) _H1 _I21.00 _M1 _UDAMAGED _WJun 26, 2006 _ZMain Library Open Access Collection |
||
| 999 |
_c58512 _d58512 |
||